Basic Mathematics (Record no. 1396601)

MARC details
000 -LEADER
fixed length control field 00517nam a2200193Ia 4500
005 - DATE AND TIME OF LATEST TRANSACTION
control field 20250508165649.0
008 - FIXED-LENGTH DATA ELEMENTS--GENERAL INFORMATION
fixed length control field 008 250505s9999 xx 000 0 eng d
037 ## - SOURCE OF ACQUISITION
Stock number Textual
040 ## - CATALOGING SOURCE
Original cataloging agency FEDL
Language of cataloging eng
Transcribing agency FEDL
041 ## - LANGUAGE CODE
Language code of text/sound track or separate title eng
Source of code eng
084 ## - COLON CLASSIFICATION NUMBER
Classification number 513.1, POO
Assigning agency FEDL
100 ## - MAIN ENTRY--PERSONAL NAME
Personal name Poole Barbara
9 (RLIN) 781548
245 #0 - TITLE STATEMENT
Title Basic Mathematics
260 ## - PUBLICATION, DISTRIBUTION, ETC.
Place of publication, distribution, etc. New Jeresy, USA
Name of publisher, distributor, etc. Prentice-Hall. Inc.
Date of publication, distribution, etc. 1994
300 ## - PHYSICAL DESCRIPTION
Extent ix,662p.
365 ## - TRADE PRICE
Price type code USD
Price amount 55.5
942 ## - ADDED ENTRY ELEMENTS (KOHA)
Koha item type Textual
Classification part 513.1, POO
Holdings
Withdrawn status Lost status Damaged status Not for loan Home library Current library Date acquired Cost, normal purchase price Total Checkouts Full call number Barcode Date last seen Price effective from Koha item type
        Department of Education Library Department of Education Library 2025-05-08 55.50   513.1, POO EL0090253 2025-05-08 2025-05-08 Textual
Copyright @ Delhi University Library System